| 000 | 00362nam a22001217a 4500 | ||
|---|---|---|---|
| 008 | 230727b |||||||| |||| 00| 0 eng d | ||
| 022 | _a0972-4494 | ||
| 040 |
_aNational Science Library _cNational Science Library |
||
| 245 | _aCurrent tropics in colloid & interface science | ||
| 260 |
_aTrivandrum: _bResearch Trends, _c1998 |
||
| 310 | _aAnnually | ||
| 942 | _cCR | ||
| 999 |
_c55634 _d55634 |
||